| 000 | 00990nas a2200313 4500 | ||
|---|---|---|---|
| 001 | BR2013003766 | ||
| 003 | BR-BrBNA | ||
| 005 | 20231205122326.0 | ||
| 007 | ta | ||
| 008 | 230509b bl.|||p| |||| 00| 00por d | ||
| 040 |
_aBR-BrBNA _bpor _cBiblioteca Nacional de Agricultura |
||
| 041 | _a(Pt) | ||
| 072 | _aQ02 | ||
| 100 | 1 | _aBrandão, W.A.P.L.N.T. de M. | |
| 100 | 1 | _aFuzinatto, M.M. | |
| 100 | 1 | _aOngaratto, G.C. | |
| 100 | 1 | _aCorbari, A.A. | |
| 100 | 1 | _aMendonça, S.N.T.G. de | |
| 245 | 1 | _aDesenvolvimento e avaliação de sorvete de creme adicionado de soro de leite em pó, erva medicinal e componente apícola | |
| 650 | _aSORVETE | ||
| 650 | _aLEITE EM PÓ | ||
| 650 | _aVALOR NUTRITIVO | ||
| 650 | _aQUALIDADE | ||
| 650 | _aPROPOLIS | ||
| 650 | _aANÁLISE MICROBIOLÓGICA | ||
| 773 | 0 |
_tHigiene Alimentar (Brazil) _xISSN 0101-9171 _g(Nov-Dec 2012), v. 26(214-215) p. 146-150 _wBR2013003766 |
|
| 909 |
_a202311 _bLúcia _c55 _dLúcia Elande |
||
| 942 |
_2AGRIS _n0 _cANA |
||
| 999 |
_c228089 _d228089 |
||